000 00364 a2200169 4500
001 188138
020 _a978-85-16-05557-8
040 _cMagnum
100 _aPellegrini, Domingos
240 1 0 _aMestres da paixão
_lpor
245 1 0 _aMestres da paixão
300 _a167
362 0 _a2007
440 1 _aModerna
697 _aLITERATURA JUVENIL
942 _cBK
999 _c188138
_d188138